Movies Quiz

Random Movies or Automobiles Quiz

Plane, Train, or Automobile Quiz Stats

 Plays Quiz Updated May 21, 2019

Score 0/24 Timer 03:00
2 Plays Today
Question Answer Wrong Answers
The Polar Express Train
97.4%
Plane
0.4%
Automobile
0.2%
Murder on the Orient Express Train
97.2%
Plane
0.4%
Automobile
0.2%
The Fast and the Furious Automobile
96.6%
Train
0.6%
Plane
0.8%
Shanghai Express Train
94.9%
Plane
2.1%
Automobile
0.9%
Top Gun Plane
93.7%
Train
0.6%
Automobile
3.6%
The Love Bug Automobile
93.4%
Train
1.9%
Plane
2.2%
Passenger 57 Plane
92.1%
Train
5.1%
Automobile
0.7%
Mad Max Automobile
90.1%
Train
5.3%
Plane
2.5%
Talladega Nights: The Ballad of Ricky Bobby Automobile
88.5%
Train
6.2%
Plane
3%
Sully Plane
87.9%
Train
3.3%
Automobile
6.5%
Red Eye Plane
86.9%
Train
6.1%
Automobile
4.6%
Bumblebee Automobile
84.3%
Train
3.9%
Plane
9.5%
Gone in 60 Seconds Automobile
84%
Train
3.4%
Plane
10.3%
Christine Automobile
81.4%
Train
8.2%
Plane
7.7%
Executive Decision Plane
81%
Train
5.7%
Automobile
10.7%
Smokey and the Bandit Automobile
80.3%
Train
16.1%
Plane
1.4%
Dr. Strangelove or: How I Learned to Stop Worrying and Love the Bomb Plane
78.9%
Train
11.8%
Automobile
6.8%
Die Hard 2 Plane
75.4%
Train
6.1%
Automobile
16.3%
Snowpiercer Train
72.9%
Plane
8.5%
Automobile
16%
The Taking of Pelham 123 Train
70.9%
Plane
20.2%
Automobile
6.5%
Unstoppable Train
69.2%
Plane
10.8%
Automobile
17.7%
The Pursuit of D. B. Cooper Plane
60.3%
Train
11.6%
Automobile
25.6%
Silver Streak Train
60.2%
Plane
18.5%
Automobile
18.8%
The Commuter Train
57.5%
Plane
11.2%
Automobile
29.1%

You're not logged in!

Compare scores with friends on all Sporcle quizzes.
OR
Log In

Sporcle TV

Today on Sporcle TV


Watch our educational content, quiz creation guides, and fun videos on Sporcle TV.

Show Comments

Extras

Top Quizzes Today


Score Distribution

Your Account Isn't Verified!

In order to create a playlist on Sporcle, you need to verify the email address you used during registration. Go to your Sporcle Settings to finish the process.

Report this User

Report this user for behavior that violates our Community Guidelines.

Details: